000 00807nam a22002295i 4500
001 176325
003 ES-MaACL
005 20250712062552.0
008 110110s1974 sp |||| | spa d
020 _a84-277-0204-3
080 _a821.134.2-3"19"
100 1 _aCela, Camilo José,
_d1916-2002
_937336
245 1 0 _aProsa /
_cCamilo José Cela ; estudio, notas y comentarios de texto por Jacinto-Luis Guereña.
260 _aMadrid :
_bNarcea,
_c[1974]
300 _a309 p. ;
_c19 cm.
490 1 _aBitácora. Biblioteca del estudiante ;
_v39
504 _aBibliografía: p. 112-116.
700 0 _aGuereña, Jacinto Luis,
_d1915-2007
_960460
830 1 _aBitácora. Biblioteca del estudiante ;
_v39
_9181903
852 4 _aES-MaACL
_jE-13971
_xOlim P-1892
999 _c176325
_d176325